Legislación chilena sobre accidentes del trabajo y enfermedades profesionales

Wedi'i Gadw mewn:
Manylion Llyfryddiaeth
Prif Awdur: Muñoz Ramírez, Pedro (autor)
Fformat: Llyfr
Iaith:Sbaeneg
Cyhoeddwyd: Santiago, Chile Universitaria 1979
Pynciau:
Tagiau: Ychwanegu Tag
Dim Tagiau, Byddwch y cyntaf i dagio'r cofnod hwn!

MARC

LEADER 00000nam a2200000 a 4500
001 UCU2685
003 CL-VaPUC
005 20240830115036.0
008 960426e19790000CL |||||||||||||||||spa|d
999 |c 246919  |d 246917 
040 |c Pontificia Universidad Católica de Valparaíso 
082 0 4 |a 344.022 MUÑ 1979  |2 21 
100 |a Muñoz Ramírez, Pedro  |e autor  |9 294800 
245 1 0 |a Legislación chilena sobre accidentes del trabajo y enfermedades profesionales 
260 0 3 |a Santiago, Chile  |b Universitaria  |c 1979 
300 |a 492 páginas 
583 |a last modification  |c 19960426 00:00:00  |k Rodrigo Vera 
650 0 |a Accidentes de trabajo  |9 254901 
650 0 |a Legislación sanitaria  |9 345887 
650 0 |a Prevención de accidentes   |9 262912 
650 7 |a SANIDAD Y SEGURIDAD OCUPACIONAL  |2 CL-VaPUC  |9 358734 
942 |c BK  |2 ddc 
945 |d 19960426 00:00:00  |a paguirre 
952 |0 0  |1 0  |2 ddc  |4 0  |6 344_022000000000000_MUÑ_1979  |7 0  |8 A  |9 262282  |a BIBING  |b BIBING  |d 2019-11-19  |i 1642731  |o 344.022 MUÑ 1979  |p 1642731  |r 2025-01-20  |t 1  |w 2019-11-19  |y BK  |k CCL